Compliance and regulation in the international financial services industry : (Record no. 18680)
[ view plain ]
| 000 -LEADER | |
|---|---|
| fixed length control field | 01174cam a22002894a 4500 |
| 001 - CONTROL NUMBER | |
| control field | 15585536 |
| 005 - DATE AND TIME OF LATEST TRANSACTION | |
| control field | 20141130103923.0 |
| 008 - FIXED-LENGTH DATA ELEMENTS--GENERAL INFORMATION | |
| fixed length control field | 090113n20uu xxkadk frb 001 0 eng d |
| 010 ## - LIBRARY OF CONGRESS CONTROL NUMBER | |
| LC control number | 2009368451 |
| 020 ## - INTERNATIONAL STANDARD BOOK NUMBER | |
| International Standard Book Number | 1906403023 |
| 020 ## - INTERNATIONAL STANDARD BOOK NUMBER | |
| International Standard Book Number | 9781906403027 |
| 040 ## - CATALOGING SOURCE | |
| Original cataloging agency | YDXCP |
| Transcribing agency | YDXCP |
| Modifying agency | BTCTA |
| -- | BAKER |
| -- | BWX |
| -- | OCLCQ |
| -- | BWK |
| -- | DLC |
| -- | EG-ScBUE |
| 082 00 - DEWEY DECIMAL CLASSIFICATION NUMBER | |
| Edition number | 22 |
| Classification number | 346.082 |
| Item number | CAL |
| 100 1# - MAIN ENTRY--PERSONAL NAME | |
| Personal name | Callioni, Patrick |
| 9 (RLIN) | 36690 |
| 245 10 - TITLE STATEMENT | |
| Title | Compliance and regulation in the international financial services industry : |
| Remainder of title | turning compliance into a competitive advantage / |
| Statement of responsibility, etc | Patrick Callioni. |
| 246 34 - VARYING FORM OF TITLE | |
| Title proper/short title | Compliance & regulation in the international financial services industry |
| 260 ## - PUBLICATION, DISTRIBUTION, ETC. (IMPRINT) | |
| Place of publication, distribution, etc | Kent, United Kingdom : |
| Name of publisher, distributor, etc | Global Professional Publishing, |
| Date of publication, distribution, etc | [20--] |
| 300 ## - PHYSICAL DESCRIPTION | |
| Extent | vii, 216 p. : |
| Other physical details | charts, forms, tables ; |
| Dimensions | 24 cm. |
| 500 ## - GENERAL NOTE | |
| General note | Index : p. 213-216. |
| 504 ## - BIBLIOGRAPHY, ETC. NOTE | |
| Bibliography, etc | Bibliography : p. 195-211. |
| 650 #0 - SUBJECT ADDED ENTRY--TOPICAL TERM | |
| Topical term or geographic name as entry element | Financial services industry |
| General subdivision | Law and legislation |
| 9 (RLIN) | 36691 |
| 650 #0 - SUBJECT ADDED ENTRY--TOPICAL TERM | |
| Topical term or geographic name as entry element | International finance |
| General subdivision | Law and legislation |
| 9 (RLIN) | 36692 |
| 650 #0 - SUBJECT ADDED ENTRY--TOPICAL TERM | |
| Topical term or geographic name as entry element | Corporate governance |
| General subdivision | Law and legislation |
| 9 (RLIN) | 36693 |
| 653 ## - INDEX TERM--UNCONTROLLED | |
| Resource For college | BAEPS, Business Administration |
| Arrived date list | November2014 |
| 655 ## - INDEX TERM--GENRE/FORM | |
| Form subdivision | |
| -- | 34232 |
| 942 ## - ADDED ENTRY ELEMENTS (KOHA) | |
| Source of classification or shelving scheme | Dewey Decimal Classification |
| Call number prefix | 346.082 CAL |
| Withdrawn status | Item status | Source of classification or shelving scheme | Damaged status | Not for loan | Vendor | Home library | Current library | Shelving location | Date acquired | Source of acquisition | Cost, normal purchase price | Serial Enumeration / chronology | Total Checkouts | Full call number | Barcode | Date last seen | Cost, replacement price | Koha item type |
|---|---|---|---|---|---|---|---|---|---|---|---|---|---|---|---|---|---|---|
| Dewey Decimal Classification | Baccah | Central Library | Central Library | First floor | 30/11/2014 | 364.00 | 20677 | 346.082 CAL | 000037062 | 15/07/2025 | 455.00 | Book - Borrowing |